000 00583nam a2200181Ia 4500
005 20250508161304.0
008 008 250505s9999 xx 000 0 eng d
037 _aTextual
040 _aFEDL
_beng
_cFEDL
041 _aeng
_2eng
084 _a510.7, AME
_qFEDL
245 0 _aAdministrative responsibility for improving mathematics programs
245 0 _cAmerican Association of School Administrators
260 _aWashington, USA
_bNational Council of Teachers of Mathematics
_c1965
300 _a24p.
942 _cTEXL
_h510.7, AME
999 _c1369358
_d1369358